MDQL
is popping MORE tags! Check the
thread
!
Quizzes
Events
Quiz Creation
Community
Videos
Private Events
Remove Ads
Sign In
Join for FREE
Feedback
Dark Mode
Quiz Categories
Sports
Geography
Music
Movies
Television
Just For Fun
Miscellaneous
History
Literature
Language
Science
Gaming
Entertainment
Religion
Holiday
For Kids
Quiz Lab
Recent
Popular Today
Quiz Kudos Today
Editor Picks
Curator Picks
Quizzes by...
Day
Popularity
Type
Ratings
Length
Year
Community
Subscriptions
Recent Discussions
Orange Saloon
Badges
Playlists
Quests
Create
Leaderboards
Showdown
Live 5
Trivia Bingo
Activity
Puzzle Library
Sporcle Events
Private Events
Virtual Trivia
Globe League
Become a Host
Pub Owners
SporcleCon
Opinionation
Our Games
Videos
Blog
Mobile Apps
Partnerships
Remove Ads and Go Orange
Feedback
Music
Pop Music
The Beatles
Song
Album
Lyrics
Bands
Singers
Artist
Clip
Rock
Rap
Classical
Billboard
Country Music
Kpop
Taylor Swift
Music
Pop Music
The Beatles
Song
Album
Lyrics
Bands
Singers
Artist
Clip
Rock
Rap
Classical
Billboard
Country Music
Kpop
Taylor Swift
Random Quiz
Search Sporcle
×
Quiz Lab
Quiz Lab
Music
Heavy Metal
Type in answers that appear in a list
Type in answers that appear in a list
Classic
Best Score? Go Orange.
System of a Down Songs by Album Stats
Can you name the System of a Down Songs by Album?
By
Skyinflames
8m
66 Questions
74 Plays
74 Plays
74 Plays
Comments
Comments
Give Quiz Kudos
Give Quiz Kudos
-
- Ratings
hide this ad
Replay
Link that replays current quiz
Next Quiz
Link to next quiz in quiz playlist
You Got
0%
They Got
Avg Score
62%
Avg Friend Score
Upgrade to see
Score Distribution
Jump to the score distribution portion of the page
Score
0/66
Timer
08:00
0
Plays Today
% Correct
Toxicity
93.2%
Chop Suey!
91.9%
Sugar
86.5%
Prison Song
81.1%
Aerials
81.1%
Spiders
79.7%
Needles
78.4%
ATWA
77%
War?
74.3%
Deer Dance
74.3%
B.Y.O.B.
74.3%
Suite-Pee
73%
Forest
73%
Jet Pilot
70.3%
Science
68.9%
Cigaro
68.9%
Bounce
66.2%
This Cocaine Makes Me Feel Like I'm On This Song
66.2%
Kill Rock 'N Roll
66.2%
Hypnotize
66.2%
Soldier Side
66.2%
Chic 'N' Stu
64.9%
Soldier Side - Intro
64.9%
Old School Hollywood
64.9%
Suggestions
63.5%
P.L.U.C.K.
63.5%
Shimmy
63.5%
Psycho
63.5%
Know
62.2%
Innervision
62.2%
Revenga
62.2%
Violent Pornography
62.2%
Lonely Day
62.2%
% Correct
DDevil
60.8%
Bubbles
60.8%
Question!
60.8%
Lost In Hollywood
60.8%
CUBErt
59.5%
Darts
59.5%
A.D.D. (American Dream Denial)
59.5%
X
58.1%
36
58.1%
Sad Statue
58.1%
She's Like Heroin
58.1%
Soil
56.8%
Mr. Jack
56.8%
**** the System
56.8%
Radio
56.8%
Attack
56.8%
Holy Mountains
55.4%
Peephole
54.1%
Boom!
54.1%
I-E-A-I-A-I-O
54.1%
Highway Song
54.1%
Roulette
54.1%
Dreaming
54.1%
Mind
52.7%
U-Fig
51.4%
Ego Brain
50%
Streamline
50%
Nüguns
48.6%
Thetawaves
45.9%
Tentative
45.9%
Vicinity of Obscenity
45.9%
Pictures
44.6%
Stealing Society
37.8%
Quiz Playlist
Details
Report
Send in Message
Add To Playlist
Classic:
Type in answers that appear in a list
Last Updated: Feb 16, 2017
Quiz Scoreboard
CHALLENGE
Sign Up to Join the Scoreboard
Show All
Scores
Hide
Comments
May contain spoilers
Recently Published
Colored Red Africa Blitz
by spor1
Geography
30s
Find the 'City' Movie
by crazypaving
Movies
60s
5x2 Blitz: Bands
by SL_Kpop136
Music
30s
More to Explore
Quiz From the Vault
Featured Blog Post
14 Easter Pick-up Lines to Find Eggs With
hide this ad
You Might Also Like...
Tags
Heavy Metal
Today's Top Quizzes in Music
Browse Music
hide this ad
Today's Top Quizzes in Heavy Metal
Browse Heavy Metal
Top Contributed Quizzes in Music
1
5X2 Blitz: Bands II
2
5X2 Blitz: The Beatles
3
Taylor Swift All Songs (2024)
4
5X2 Blitz: Billboard
5
5X2 Blitz: Billboard II
6
5X2 Blitz: Album
7
Taylor Swift Logic Puzzle II
8
5X2 Blitz: Singers
9
5X2 Blitz: Rock
10
5X2 Blitz: Lyrics
Explore More
Trending Topics
Crossword
Kpop
Disney
Harry Potter
NBA
Marvel
Anime
Song
Puzzle
NFL
Soccer
Pokémon
WWE
The Office
Country
hide this ad
More By:
Skyinflames
Quiz
Plays
Rating
Category
Featured
Created
Slipknot Songs by Album
889
Music
Jan 5, 2011
Tool Songs by Album
448
3.00
Music
Jan 5, 2011
Stone Sour Songs by Album
240
5.00
Music
Jan 22, 2011
Metallica Songs by Album
199
Music
Jan 8, 2011
Korn Songs by Album
151
Music
Jan 11, 2011
Go to Creator's Profile
Score Distribution
Quiz Creator Spotlight
Skyinflames
Follow
Send a Message
Quizzes Created
-
Created Quiz Play Count
-
More By This Creator
Popular Quizzes Today
1
Colored Red Africa Blitz
2
Find the US States - No Outlines Minefield
3
Find the 'City' Movie
4
5x2 Blitz: Bands
5
The Countries of the World
6
Find the US States
7
Find the Countries of Europe - No Outlines Minefield
8
US States
More Music Quizzes
4-Letter Solo Acts
Published
Trending Quizzes
Colored Red Europe Blitz I
Colored Red Europe Blitz II
Colored Red Africa Blitz II
Colored Red Europe Blitz III
Colored Red Africa Blitz III
Recently Updated
How Do You Spell That?
pecheneg
Godzilla Movies
pecheneg
Grab Bag: 4-10 Letters
pecheneg
2024 March Madness Bracket
pecheneg
Famous TV Couples
Peacemaker
Champions League XIs: Real Madrid
pecheneg
Largest US Cities 1790-2010
pecheneg
Rides in Walt Disney World
pecheneg
Most Oscar Losses (Acting)
pecheneg
Beyoncé Albums
pecheneg
Trending Topics
Harry Potter
Marvel
Kpop
Anime
Crossword
NBA
Disney
NFL
Puzzle
The Office
Country
WWE
Song
Soccer
Pokémon
Your Account Isn't Verified!
In order to create a playlist on Sporcle, you need to verify the email address you used during registration. Go to your
Sporcle Settings
to finish the process.
Report this User
Report this user for behavior that violates our
Community Guidelines
.
Details:
Send Report
Go to the Sporcle.com Mobile Site →
Comments